Daň z príjmov právnických osôb a právna úprava jej platenia bakalárska práca

Uložené v:
Podrobná bibliografia
Hlavný autor: Horváthová, Dominika
Korporativný autor: Fakulta hospodárskej informatiky EU. Katedra účtovníctva a audítorstva
Ďalší autori: Marci, Anton, 1989-
Médium: Kniha
Jazyk:Slovak
Vydavateľské údaje: Bratislava 2020
Tagy: Pridať tag
Žiadne tagy, Buďte prvý, kto otaguje tento záznam!

MARC

LEADER 00000nbm a2200000 4500
001 0264713
005 20210427212948.0
041 0 |a slo 
044 |a SK 
245 1 0 |a Daň z príjmov právnických osôb a právna úprava jej platenia  |b bakalárska práca  |c Dominika Horváthová ; školiteľ: Anton Marci 
264 1 |a Bratislava  |c 2020 
300 |a 51 s. 
100 1 |a Horváthová, Dominika 
700 1 |a Marci, Anton, 1989- 
710 2 |a Fakulta hospodárskej informatiky EU. Katedra účtovníctva a audítorstva